000 00698nam a2200217 a 4500
005 20140310183355.0
008 120920s19uu xx 00 eng d
020 _a9780077236021
050 _aPE 1408
_b.R643 2009
100 _aRoen, Duane H.
245 _aThe concise McGraw-Hill guide :
_bwriting for college, writing for life /
_cDuane Roen, Gregory R.Glau, Barry M. Maid.
250 _a1st ed.
260 _aNew York, USA :
_bMcGraw-Hill Higher Education,
_c2009.
300 _axlv, 588 p. :
_bill. ;
_c25 cm.
500 _aIncludes index.
650 _aEnglish language
_xRhetoric
700 _aGlau, Gregory R.
700 _aMaid, Barry M.
942 _cBK
_2lcc
_kFOR
999 _c22200
_d22200